000 00624 a2200217 4500
001 73900
005 20260327141214.0
010 _a978-972-20-8483-3
090 _a73900
100 _a20260319d2025 m||u0pory50
101 _apor
_ceng
102 _aPT
200 _aInventário de sonhos
_fChimamanda Ngozi Adichie
_gtrad. Elsa T. S. Vieira
210 _aAlfragide
_cDom Quixote
_d2025
215 _a590 p.
304 _aTít. orig.: Dream count
675 _a821.111(669)-31"20"
_vBN
_zpor
700 _aAdichie
_bChimamanda Ngozi
_f1977-
_948670
702 _aVieira
_bElsa T. S.
_4730
_946994
801 _aPT
_bBN
_gRPC
942 _cMON
_n0